Statistics for Taylor Swift 51

Click here to take the quiz!

General Stats

  • This quiz has been taken 9 times
  • The average score is 191 of 297

Answer Stats

Answer% Correct
and
100%
I
100%
I'll
100%
is
100%
it
100%
me
100%
my
100%
not
100%
so
100%
the
100%
this
100%
to
100%
you
100%
your
100%
be
88%
but
88%
can't
88%
'cause
88%
'cause
88%
for
88%
if
88%
in
88%
it's
88%
like
88%
love
88%
now
88%
say
88%
that
88%
where
88%
you're
88%
do
75%
don't
75%
know
75%
mine
75%
they
75%
up
75%
were
75%
who
75%
with
75%
at
63%
from
63%
ours
63%
time
63%
want
63%
we'd
63%
what
63%
you'll
63%
yours
63%
about
50%
are
50%
else
50%
hands
50%
have
50%
here
50%
mind
50%
never
50%
out
50%
right
50%
their
50%
there's
50%
will
50%
wrong
50%
air
38%
always
38%
any
38%
belong
38%
between
38%
buttons
38%
care
38%
choice
38%
comes
38%
disapproves
38%
doubt
38%
elevator
38%
father
38%
fight
38%
gap
38%
ghosts
38%
give
38%
gonna
38%
hard
38%
heart
38%
high
38%
ignored
38%
judge
38%
jump
38%
jury's
38%
laugh
38%
little
38%
look
38%
lurking
38%
makes
38%
morning
38%
nothing
38%
past
38%
people
38%
pretty
38%
remarks
38%
riddles
38%
rocks
38%
rough
38%
seems
38%
shadows
38%
shine
38%
silence
38%
sleeves
38%
snide
38%
someone
38%
song
38%
speak
38%
speculate
38%
stairs
38%
stakes
38%
stares
38%
stranger's
38%
take
38%
tattoos
38%
teeth
38%
theirs
38%
they'll
38%
things
38%
those
38%
throw
38%
vacant
38%
verdict
38%
water's
38%
what's
38%
worry
38%
faith
25%
gloss
25%
life
25%
lip
25%
smiles
25%
tough
25%

Score Distribution

Percentile by Number Answered

Percent of People with Each Score

Your Score History

You have not taken this quiz